| 000 | 00337nam a2200133Ia 4500 | ||
|---|---|---|---|
| 008 | 191201s2005 xx 000 0 und d | ||
| 082 |
_a006.6 _bRAC |
||
| 100 | _aRADHAKRISHANN, P | ||
| 245 | 0 | _aComputer Graphics and Design | |
| 260 |
_aN.Delhi _bDhanpat Rai Pub (P) Ltd _c2005 |
||
| 300 | _a336 | ||
| 650 | _aB.Tech(IT) | ||
| 942 |
_2ddc _cBK |
||
| 999 |
_c3141 _d3141 |
||